<?xml version="1.0" encoding="UTF-8"?>
<record
    xmlns:xsi="http://www.w3.org/2001/XMLSchema-instance"
    xsi:schemaLocation="http://www.loc.gov/MARC21/slim http://www.loc.gov/standards/marcxml/schema/MARC21slim.xsd"
    xmlns="http://www.loc.gov/MARC21/slim">

  <leader>00355    a2200109   4500</leader>
  <controlfield tag="001">ART_43596</controlfield>
  <controlfield tag="005">20260410162024.0</controlfield>
  <controlfield tag="008">260409a                                 </controlfield>
  <datafield tag="245" ind1="1" ind2="0">
    <subfield code="a">Do workers accept lower wages in exchange for health benefits?</subfield>
  </datafield>
  <datafield tag="100" ind1="1" ind2=" ">
    <subfield code="a">Olson, Craig A.</subfield>
  </datafield>
  <datafield tag="773" ind1="0" ind2=" ">
    <subfield code="t">Journal of labor economics</subfield>
    <subfield code="g">- Vol. 20, N&#xBA; 2/2 (abr. 2002)</subfield>
    <subfield code="w">REV43438</subfield>
  </datafield>
  <datafield tag="999" ind1=" " ind2=" ">
    <subfield code="c">33416</subfield>
    <subfield code="d">33416</subfield>
  </datafield>
</record>
